La evaluación del desarrollo económico y del empleo a nivel local: cómo evaluar el desempeño de los programas y las políticas

সংরক্ষণ করুন:
গ্রন্থ-পঞ্জীর বিবরন
সংস্থা লেখক: OCDE (Author), Organización para la Cooperación y el Desarrollo Económicos (Author)
বিন্যাস: গ্রন্থ
ভাষা:স্প্যানিশ
প্রকাশিত: París OCDE 2007
মালা:Desarrollo Económico y del Empleo a Nivel Local
বিষয়গুলি:
ট্যাগগুলো: ট্যাগ যুক্ত করুন
কোনো ট্যাগ নেই, প্রথমজন হিসাবে ট্যাগ করুন!

MARC

LEADER 00000nam a2200000 a 4500
001 UCI6938
003 CL-VaPUC
008 080530e20070000FR |||||||||||||||||spa|d
082 0 4 |a 338.9  |b OCD  |2 21 
110 2 |a OCDE  |e author  |9 530007 
710 2 |a Organización para la Cooperación y el Desarrollo Económicos  |e author  |9 530008 
245 1 3 |a La evaluación del desarrollo económico y del empleo a nivel local: cómo evaluar el desempeño de los programas y las políticas 
300 |a 511 p 
942 |c BK 
945 |d 20080530 00:00:00  |a jtorresc 
260 |a París  |b OCDE  |c 2007 
650 0 |a Desarrollo económico  |9 259599 
650 0 |a Políticas públicas  |9 309677 
650 0 |a Crecimiento económico   |9 314037 
650 0 |a Empleo  |9 339124 
583 |a last modification  |c 20080530 00:00:00  |k Rodrigo Vera 
490 0 |a Desarrollo Económico y del Empleo a Nivel Local 
999 |c 330371  |d 330369 
952 |0 0  |1 0  |4 0  |6 338_900000000000000_OCD_2007  |7 0  |8 A  |9 415873  |a BIBGIM  |b BIBGIM  |d 2019-11-22  |i 4444361  |o 338.9 OCD 2007  |p 4444361  |r 2025-01-15  |w 2019-11-22  |y BK  |k OCD